[Event "World Chess Olympiad 2018"]
[Site "Batumi"]
[Date "2018.09.25"]
[Round "2"]
[Board "3"]
[WhiteFideId "16400119"]
[White "Chipanga Chiletso"]
[BlackFideId "31000118"]
[Black "Orio Rogelio L."]
[Result "1-0"]
[LiveChessVersion "1.4.8"]
[BlackElo "1793"]
[WhiteElo "2153"]

1. d4 {[%clk 1:30:52]} d6 {[%clk 1:30:27]} 2. e4 {[%clk 1:31:07]} Nf6
{[%clk 1:30:43]} 3. Bd3 {[%clk 1:31:30]} Nc6 {[%clk 1:29:09]} 4. c3
{[%clk 1:30:36]} Bg4 {[%clk 1:27:51]} 5. f3 {[%clk 1:29:31]} Bd7 {[%clk 1:27:29]}
6. Ne2 {[%clk 1:29:52]} e6 {[%clk 1:26:35]} 7. O-O Be7 8. f4 {[%clk 1:29:09]} g6
{[%clk 1:21:37]} 9. e5 {[%clk 1:21:10]} Ng4 {[%clk 1:20:51]} 10. h3
{[%clk 1:20:34]} Nh6 {[%clk 1:19:02]} 11. g4 {[%clk 1:20:41]} Bh4
{[%clk 1:18:42]} 12. Nd2 {[%clk 1:18:42]} dxe5 {[%clk 1:16:38]} 13. fxe5
{[%clk 1:19:00]} Qe7 {[%clk 1:15:57]} 14. Ne4 {[%clk 1:19:12]} Ng8
{[%clk 1:14:30]} 15. a4 {[%clk 1:15:41]} O-O-O {[%clk 1:14:36]} 16. a5
{[%clk 1:14:32]} Nb8 {[%clk 1:14:07]} 17. b4 {[%clk 1:14:04]} a6 {[%clk 1:13:35]}
18. b5 {[%clk 1:13:52]} Bxb5 {[%clk 1:09:19]} 19. Bxb5 {[%clk 1:12:52]} axb5
{[%clk 1:09:41]} 20. Qb3 {[%clk 1:12:15]} Qe8 {[%clk 1:06:37]} 21. Rb1
{[%clk 1:08:47]} Qc6 {[%clk 1:05:48]} 22. Nc5 {[%clk 1:08:56]} Be7
{[%clk 1:03:13]} 23. Nd3 {[%clk 1:04:27]} f5 {[%clk 0:59:38]} 24. Qxb5
{[%clk 1:03:50]} fxg4 {[%clk 0:58:23]} 25. hxg4 {[%clk 1:03:25]} g5
{[%clk 0:56:27]} 26. Ng3 {[%clk 1:02:26]} Nh6 {[%clk 0:55:55]} 27. Qxc6
{[%clk 0:59:27]} Nxc6 {[%clk 0:56:05]} 28. Rb5 {[%clk 0:59:34]} Nxg4 29. Ne4
{[%clk 0:58:54]} Rd5 {[%clk 0:51:28]} 30. Nec5 {[%clk 0:58:02]} Nd8
{[%clk 0:50:15]} 31. Re1 {[%clk 0:54:00]} Rf8 {[%clk 0:49:57]} 32. Re4
{[%clk 0:54:05]} h5 {[%clk 0:49:49]} 33. c4 {[%clk 0:53:56]} c6 {[%clk 0:46:42]}
34. Rb2 {[%clk 0:52:32]} Rf3 {[%clk 0:42:19]} 35. cxd5 {[%clk 0:51:12]} exd5
{[%clk 0:42:12]} 36. Ree2 {[%clk 0:50:04]} h4 {[%clk 0:42:27]} 37. Rg2
{[%clk 0:49:34]} Ne3 {[%clk 0:41:31]} 38. Bxe3 {[%clk 0:47:03]} Rxe3
{[%clk 0:41:35]} 39. Kh2 {[%clk 0:45:28]} Rf3 {[%clk 0:40:54]} 40. Rgf2
{[%clk 0:44:21]} Rg3 {[%clk 0:40:41]} 41. Rg2 {[%clk 1:09:31]} Rf3
{[%clk 1:10:54]} 42. Rbf2 {[%clk 1:09:25]} Re3 {[%clk 1:10:49]} 43. Rf5
{[%clk 1:09:26]} Kc7 {[%clk 1:08:08]} 44. Rfxg5 {[%clk 1:09:35]} Bxg5
{[%clk 1:08:01]} 45. Rxg5 {[%clk 1:10:02]} Re2+ {[%clk 1:07:37]} 46. Kh3
{[%clk 1:10:11]} Ra2 {[%clk 1:07:42]} 47. Rg7+ {[%clk 1:10:10]} Kc8 48. Rg8
{[%clk 1:10:12]} Kc7 {[%clk 1:06:26]} 49. e6 {[%clk 1:10:36]} Nxe6
{[%clk 1:02:58]} 50. Nxe6+ {[%clk 1:10:52]} Kd6 {[%clk 1:03:18]} 51. Nec5
{[%clk 1:10:44]} Ra1 {[%clk 1:03:02]} 52. Rg7 {[%clk 1:10:26]} Rh1+
{[%clk 1:00:24]} 53. Kg2 {[%clk 1:10:51]} Rd1 {[%clk 0:57:21]} 54. Rd7# 1-0

[Event "World Chess Olympiad 2018"]
[Site "Batumi"]
[Date "2018.09.25"]
[Round "2"]
[Board "3"]
[WhiteFideId "16100352"]
[White "Mohamud Hussein Ali"]
[BlackFideId "10001204"]
[Black "Okas Walter"]
[Result "0-1"]
[LiveChessVersion "1.4.8"]
[BlackElo "2258"]
[WhiteElo "1694"]

1. e4 {[%clk 1:30:52]} d6 {[%clk 1:30:52]} 2. d4 {[%clk 1:31:05]} Nf6
{[%clk 1:31:05]} 3. Nc3 {[%clk 1:30:19]} g6 {[%clk 1:30:15]} 4. Nf3
{[%clk 1:30:00]} c6 {[%clk 1:30:17]} 5. Bd3 {[%clk 1:27:50]} Bg7 {[%clk 1:30:34]}
6. O-O {[%clk 1:27:00]} O-O {[%clk 1:30:55]} 7. h3 {[%clk 1:26:38]} a5
{[%clk 1:24:39]} 8. a4 {[%clk 1:21:06]} Na6 {[%clk 1:24:51]} 9. Re1
{[%clk 1:19:49]} Qc7 {[%clk 1:23:31]} 10. Bd2 {[%clk 1:14:08]} e5
{[%clk 1:23:27]} 11. d5 {[%clk 1:12:32]} cxd5 {[%clk 1:17:28]} 12. exd5
{[%clk 1:09:36]} Ne8 {[%clk 1:05:42]} 13. Nb5 {[%clk 1:05:53]} Qd8
{[%clk 1:05:53]} 14. c4 {[%clk 0:59:49]} Nc5 {[%clk 1:04:57]} 15. Bc2
{[%clk 0:59:30]} f5 16. Bc3 {[%clk 0:53:04]} Nf6 {[%clk 0:53:56]} 17. Nd2
{[%clk 0:41:33]} Nh5 {[%clk 0:53:20]} 18. Nf3 {[%clk 0:38:09]} Nf4
{[%clk 0:51:51]} 19. Qd2 {[%clk 0:35:22]} Ne4 {[%clk 0:49:48]} 20. Bxe4
{[%clk 0:24:23]} fxe4 {[%clk 0:50:05]} 21. Rxe4 {[%clk 0:23:45]} Nxh3+
{[%clk 0:46:55]} 22. Kh2 {[%clk 0:20:09]} Rxf3 {[%clk 0:30:47]} 23. gxf3
{[%clk 0:18:18]} Nf4 {[%clk 0:26:36]} 24. Rxf4 {[%clk 0:17:56]} Bh6
{[%clk 0:26:56]} 25. Qe1 {[%clk 0:11:42]} Bxf4+ {[%clk 0:27:10]} 26. Kg2
{[%clk 0:11:55]} Qg5+ {[%clk 0:22:49]} 27. Kf1 {[%clk 0:12:12]} Bf5
{[%clk 0:20:01]} 28. Ke2 {[%clk 0:10:22]} e4 {[%clk 0:19:52]} 29. Nd4
{[%clk 0:05:33]} Re8 {[%clk 0:16:22]} 30. Kd1 {[%clk 0:05:25]} e3
{[%clk 0:16:00]} 31. Nxf5 {[%clk 0:04:38]} Qxf5 {[%clk 0:15:52]} 32. Qe2
{[%clk 0:04:28]} Kf7 {[%clk 0:14:34]} 33. fxe3 {[%clk 0:01:32]} Rxe3
{[%clk 0:14:48]} 34. Qf2 {[%clk 0:01:34]} Qd3+ {[%clk 0:14:54]} 35. Bd2
{[%clk 0:01:49]} Rxf3 {[%clk 0:15:08]} 36. Qxf3 {[%clk 0:01:03]} Qxd2# 0-1

[Event "World Chess Olympiad 2018"]
[Site "Batumi"]
[Date "2018.09.25"]
[Round "2"]
[Board "1"]
[WhiteFideId "15701190"]
[White "Kibrom Weldegebriel Beraki"]
[BlackFideId "12100293"]
[Black "Nezad Husein Aziz"]
[Result "0-1"]
[LiveChessVersion "1.4.8"]
[BlackElo "2412"]
[WhiteElo "1723"]

1. d4 {[%clk 1:27:47]} Nf6 {[%clk 1:30:31]} 2. c4 {[%clk 1:28:10]} e6
{[%clk 1:29:34]} 3. Nf3 {[%clk 1:28:22]} d5 {[%clk 1:29:51]} 4. Nc3
{[%clk 1:28:39]} Be7 {[%clk 1:29:38]} 5. Bf4 {[%clk 1:28:20]} O-O
{[%clk 1:29:54]} 6. h3 {[%clk 1:27:56]} b6 {[%clk 1:26:04]} 7. e3
{[%clk 1:27:22]} Bb7 {[%clk 1:25:45]} 8. Be2 {[%clk 1:26:30]} dxc4
{[%clk 1:23:09]} 9. Bxc4 {[%clk 1:26:11]} Nbd7 {[%clk 1:23:31]} 10. O-O
{[%clk 1:26:07]} c5 {[%clk 1:16:22]} 11. d5 {[%clk 1:17:31]} exd5
{[%clk 1:09:22]} 12. Nxd5 {[%clk 1:17:31]} Nxd5 {[%clk 1:05:25]} 13. Bxd5
{[%clk 1:17:51]} Bxd5 {[%clk 0:59:05]} 14. Qxd5 {[%clk 1:18:12]} Nf6
{[%clk 0:59:32]} 15. Qb7 {[%clk 1:15:47]} Re8 {[%clk 0:57:37]} 16. Rfd1
{[%clk 0:49:47]} Qc8 {[%clk 0:57:50]} 17. Qxc8 {[%clk 0:50:05]} Raxc8
{[%clk 0:58:16]} 18. Ne5 {[%clk 0:46:54]} g6 {[%clk 0:49:43]} 19. b3
{[%clk 0:41:36]} Bf8 {[%clk 0:48:15]} 20. Nd7 {[%clk 0:36:10]} Bg7
{[%clk 0:47:46]} 21. Rac1 {[%clk 0:35:34]} Ne4 {[%clk 0:43:40]} 22. Rd3
{[%clk 0:31:22]} b5 {[%clk 0:27:09]} 23. Kf1 {[%clk 0:15:11]} c4 {[%clk 0:25:26]}
24. bxc4 {[%clk 0:14:19]} bxc4 {[%clk 0:25:36]} 25. Rd5 {[%clk 0:12:33]} Red8
{[%clk 0:21:36]} 26. Rc2 {[%clk 0:07:48]} Nc3 {[%clk 0:17:08]} 27. Rd6
{[%clk 0:05:51]} Nb5 {[%clk 0:15:14]} 28. Nf6+ {[%clk 0:04:16]} Bxf6
{[%clk 0:04:40]} 29. Rxf6 {[%clk 0:04:38]} c3 {[%clk 0:01:12]} 30. Ke2
{[%clk 0:04:05]} Na3 {[%clk 0:01:29]} 31. Rc1 {[%clk 0:04:20]} Rd2+
{[%clk 0:01:30]} 32. Kf3 {[%clk 0:04:39]} c2 {[%clk 0:00:38]} 33. e4
{[%clk 0:04:43]} Rc3+ {[%clk 0:00:49]} 34. Kg4 {[%clk 0:03:01]} Rxf2
{[%clk 0:01:18]} 35. Be5 {[%clk 0:02:49]} Rxg2+ {[%clk 0:01:26]} 36. Kh4
{[%clk 0:03:10]} g5+ {[%clk 0:01:18]} 0-1

[Event "World Chess Olympiad 2018"]
[Site "Batumi"]
[Date "2018.09.25"]
[Round "2"]
[Board "4"]
[WhiteFideId "10700366"]
[White "Nevska Gerda"]
[BlackFideId "5600359"]
[Black "Psaila Clarence"]
[Result "0-1"]
[LiveChessVersion "1.4.8"]
[BlackElo "2002"]
[WhiteElo "1819"]

1. c4 {[%clk 1:30:55]} f5 {[%clk 1:30:51]} 2. g3 {[%clk 1:28:41]} Nf6
{[%clk 1:31:14]} 3. Bg2 {[%clk 1:28:51]} d6 {[%clk 1:31:30]} 4. Nc3
{[%clk 1:26:31]} e5 {[%clk 1:31:28]} 5. d3 {[%clk 1:25:38]} Be7 {[%clk 1:31:24]}
6. e3 {[%clk 1:25:14]} c6 {[%clk 1:31:13]} 7. Nge2 {[%clk 1:25:16]} O-O
{[%clk 1:30:15]} 8. O-O {[%clk 1:23:08]} Na6 {[%clk 1:30:28]} 9. Rb1
{[%clk 1:21:00]} Nc7 {[%clk 1:28:17]} 10. b4 {[%clk 1:17:22]} Be6
{[%clk 1:24:13]} 11. b5 {[%clk 1:13:33]} d5 {[%clk 1:21:16]} 12. bxc6
{[%clk 1:07:05]} bxc6 {[%clk 1:21:22]} 13. Qa4 {[%clk 1:05:16]} Qd6
{[%clk 0:55:23]} 14. Rb7 {[%clk 0:50:51]} Nd7 {[%clk 0:47:11]} 15. d4
{[%clk 0:32:04]} Nb6 {[%clk 0:40:44]} 16. c5 {[%clk 0:19:50]} Nxa4
{[%clk 0:40:36]} 17. cxd6 {[%clk 0:19:43]} Nxc3 {[%clk 0:40:52]} 18. dxe7
{[%clk 0:16:31]} Nxe2+ {[%clk 0:40:47]} 19. Kh1 {[%clk 0:16:54]} Rfc8
{[%clk 0:37:42]} 20. Bd2 {[%clk 0:13:02]} exd4 {[%clk 0:33:42]} 21. Re1
{[%clk 0:11:21]} Nc3 {[%clk 0:28:06]} 22. exd4 {[%clk 0:10:13]} Ne4
{[%clk 0:28:24]} 23. Ba5 {[%clk 0:07:29]} Ne8 {[%clk 0:18:11]} 24. f3
{[%clk 0:06:00]} N4d6 {[%clk 0:17:44]} 25. Rb3 {[%clk 0:02:49]} Kf7
{[%clk 0:17:29]} 26. Bd8 {[%clk 0:02:24]} Nc4 {[%clk 0:12:35]} 27. Rb4
{[%clk 0:01:35]} Rab8 {[%clk 0:11:02]} 28. Reb1 {[%clk 0:01:58]} Rxb4
{[%clk 0:11:16]} 29. Rxb4 {[%clk 0:02:23]} Ned6 {[%clk 0:11:03]} 30. Bf1
{[%clk 0:01:09]} a5 {[%clk 0:10:23]} 31. Ra4 {[%clk 0:00:53]} Rb8
{[%clk 0:09:06]} 32. Bxc4 {[%clk 0:01:06]} Nxc4 {[%clk 0:09:14]} 33. Bc7
{[%clk 0:00:41]} Rb7 {[%clk 0:08:25]} 0-1

[Event "World Chess Olympiad 2018"]
[Site "Batumi"]
[Date "2018.09.25"]
[Round "2"]
[Board "1"]
[WhiteFideId "19900023"]
[White "Aw Ousmane"]
[BlackFideId "11300507"]
[Black "Oatlhotse Providence"]
[Result "0-1"]
[LiveChessVersion "1.4.8"]
[BlackElo "2206"]
[WhiteElo "1880"]

1. d4 {[%clk 1:30:55]} Nf6 {[%clk 1:30:56]} 2. Nf3 {[%clk 1:31:16]} e6
{[%clk 1:31:16]} 3. Bf4 {[%clk 1:31:38]} c5 {[%clk 1:30:58]} 4. e3
{[%clk 1:30:31]} Qb6 {[%clk 1:31:03]} 5. Nc3 {[%clk 1:18:47]} a6 {[%clk 1:31:26]}
6. dxc5 {[%clk 1:08:41]} Bxc5 {[%clk 1:31:30]} 7. Rb1 {[%clk 1:05:50]} O-O
{[%clk 1:30:53]} 8. Nd4 {[%clk 0:59:33]} d5 {[%clk 1:26:01]} 9. Na4
{[%clk 0:56:19]} Qa5+ {[%clk 1:25:59]} 10. c3 {[%clk 0:56:36]} Be7
{[%clk 1:25:48]} 11. b4 {[%clk 0:55:55]} Qd8 {[%clk 1:26:12]} 12. Bd3
{[%clk 0:53:48]} Nbd7 {[%clk 1:25:12]} 13. Bg3 {[%clk 0:51:01]} Re8
{[%clk 1:19:28]} 14. O-O {[%clk 0:47:42]} e5 {[%clk 1:19:02]} 15. Nb3
{[%clk 0:46:41]} b5 {[%clk 1:15:38]} 16. Nb2 {[%clk 0:46:10]} Bb7
{[%clk 1:14:43]} 17. Na5 {[%clk 0:46:27]} Qb6 {[%clk 1:13:06]} 18. Nxb7
{[%clk 0:46:25]} Qxb7 {[%clk 1:13:28]} 19. a4 {[%clk 0:46:04]} Rec8
{[%clk 1:07:46]} 20. Qd2 {[%clk 0:45:37]} Qc6 {[%clk 1:05:25]} 21. axb5
{[%clk 0:44:07]} axb5 {[%clk 1:05:47]} 22. Nd1 {[%clk 0:43:26]} Bd6
{[%clk 1:01:30]} 23. Bf5 {[%clk 0:43:14]} g6 {[%clk 1:00:29]} 24. Bxd7
{[%clk 0:42:43]} Nxd7 {[%clk 1:00:45]} 25. e4 {[%clk 0:36:57]} dxe4
{[%clk 1:00:30]} 26. f4 {[%clk 0:35:26]} exf3 {[%clk 0:59:01]} 27. Rxf3
{[%clk 0:35:20]} Nb6 {[%clk 0:57:47]} 28. Qg5 {[%clk 0:31:00]} Nc4
{[%clk 0:53:59]} 29. Nb2 {[%clk 0:30:40]} Nxb2 {[%clk 0:48:06]} 30. Rxb2
{[%clk 0:31:05]} Ra1+ {[%clk 0:47:51]} 31. Kf2 {[%clk 0:28:32]} e4
{[%clk 0:36:43]} 32. Re3 {[%clk 0:26:42]} Bxg3+ {[%clk 0:36:20]} 33. Kxg3
{[%clk 0:26:41]} Rf1 {[%clk 0:31:04]} 34. Rf2 {[%clk 0:12:49]} Qc7+
{[%clk 0:24:11]} 35. Qf4 {[%clk 0:12:46]} Rxf2 {[%clk 0:24:25]} 36. Qxc7
{[%clk 0:12:49]} Rxc7 {[%clk 0:24:20]} 37. Kxf2 {[%clk 0:13:08]} f5
{[%clk 0:24:45]} 38. g4 {[%clk 0:10:59]} Kf7 {[%clk 0:24:25]} 39. Kg3
{[%clk 0:10:16]} Kf6 {[%clk 0:22:54]} 40. h4 {[%clk 0:06:56]} Ke5
{[%clk 0:23:05]} 41. gxf5 {[%clk 0:05:27]} gxf5 {[%clk 0:23:24]} 42. Kh3
{[%clk 0:05:28]} f4 {[%clk 0:23:38]} 43. Re1 {[%clk 0:05:56]} Rxc3+
{[%clk 0:23:48]} 44. Kg4 Rg3+ 45. Kh5 {[%clk 0:05:37]} f3 {[%clk 0:23:33]} 46.
Rc1 {[%clk 0:06:01]} f2 {[%clk 0:23:40]} 0-1

[Event "World Chess Olympiad 2018"]
[Site "Batumi"]
[Date "2018.09.25"]
[Round "2"]
[Board "1"]
[WhiteFideId "14001101"]
[White "Atabayev Maksat"]
[BlackFideId "12800112"]
[Black "Sulskis Sarunas"]
[Result "1/2-1/2"]
[LiveChessVersion "1.4.8"]
[BlackElo "2525"]
[WhiteElo "2505"]

1. Nf3 {[%clk 1:30:44]} d5 {[%clk 1:30:38]} 2. g3 {[%clk 1:31:02]} c6
{[%clk 1:29:22]} 3. Bg2 {[%clk 1:30:32]} Bg4 {[%clk 1:29:23]} 4. c4
{[%clk 1:30:30]} e6 {[%clk 1:27:50]} 5. O-O {[%clk 1:29:18]} Nd7 {[%clk 1:24:31]}
6. cxd5 {[%clk 1:28:11]} cxd5 {[%clk 1:19:34]} 7. d3 {[%clk 1:21:41]} Bc5
{[%clk 1:15:12]} 8. Nc3 {[%clk 1:17:24]} Ne7 {[%clk 1:11:28]} 9. Qb3
{[%clk 1:07:53]} O-O {[%clk 1:03:41]} 10. Na4 {[%clk 0:50:51]} b6
{[%clk 0:49:21]} 11. Nxc5 {[%clk 0:44:17]} bxc5 {[%clk 0:48:56]} 12. Qa4
{[%clk 0:44:42]} Bh5 {[%clk 0:41:48]} 13. b3 {[%clk 0:40:25]} Rb8
{[%clk 0:34:49]} 14. Bd2 {[%clk 0:39:56]} d4 {[%clk 0:31:38]} 15. Qxa7
{[%clk 0:30:05]} Ra8 {[%clk 0:29:52]} 16. Qb7 {[%clk 0:30:31]} Nd5
{[%clk 0:30:12]} 17. Qb5 {[%clk 0:30:45]} Qe7 {[%clk 0:28:13]} 18. Qc4
{[%clk 0:29:12]} Bxf3 {[%clk 0:27:39]} 19. exf3 {[%clk 0:19:30]} Nc3
{[%clk 0:26:22]} 20. Bxc3 {[%clk 0:07:59]} Ne5 {[%clk 0:26:29]} 21. Qb5
{[%clk 0:08:26]} Rfb8 {[%clk 0:26:07]} 22. Bxd4 {[%clk 0:08:47]} Rxb5
{[%clk 0:25:27]} 23. Bxe5 {[%clk 0:09:14]} Rba5 {[%clk 0:19:49]} 24. f4
{[%clk 0:07:26]} Qd8 {[%clk 0:19:05]} 25. Bxa8 {[%clk 0:02:19]} Rxa8
{[%clk 0:18:57]} 26. Rfd1 {[%clk 0:02:35]} Qd5 {[%clk 0:17:54]} 27. Bc3
{[%clk 0:02:44]} h5 {[%clk 0:18:04]} 28. h4 {[%clk 0:02:45]} Rd8 {[%clk 0:11:21]}
29. Rd2 {[%clk 0:01:39]} Qf3 {[%clk 0:10:23]} 30. Rad1 {[%clk 0:01:43]} 1/2-1/2

[Event "World Chess Olympiad 2018"]
[Site "Batumi"]
[Date "2018.09.25"]
[Round "2"]
[Board "2"]
[WhiteFideId "11300280"]
[White "Khetho Phemelo"]
[BlackFideId "19900058"]
[Black "Gueye Elhadji Gorgui"]
[Result "1-0"]
[LiveChessVersion "1.4.8"]
[BlackElo "2026"]
[WhiteElo "2158"]

1. e4 {[%clk 1:30:30]} e5 {[%clk 1:30:53]} 2. Nf3 {[%clk 1:30:38]} Nf6
{[%clk 1:28:15]} 3. Bc4 {[%clk 1:23:37]} Nc6 {[%clk 1:17:55]} 4. Ng5
{[%clk 1:17:00]} d5 {[%clk 1:18:01]} 5. exd5 {[%clk 1:17:14]} Na5
{[%clk 1:18:21]} 6. Bb5+ {[%clk 1:13:52]} c6 {[%clk 1:18:44]} 7. dxc6
{[%clk 1:13:54]} bxc6 {[%clk 1:19:06]} 8. Qf3 {[%clk 1:13:38]} Qb6
{[%clk 1:09:16]} 9. Ba4 {[%clk 1:08:37]} Ba6 {[%clk 0:48:54]} 10. d3
{[%clk 1:07:01]} h6 {[%clk 0:42:32]} 11. Ne4 {[%clk 1:06:09]} Nxe4
{[%clk 0:37:22]} 12. Qxe4 {[%clk 1:01:31]} O-O-O {[%clk 0:36:45]} 13. O-O
{[%clk 0:59:17]} Bb7 {[%clk 0:26:48]} 14. Qxe5 {[%clk 0:47:23]} Bd6
{[%clk 0:25:57]} 15. Qf5+ {[%clk 0:44:19]} Kb8 {[%clk 0:25:22]} 16. Nc3
{[%clk 0:41:31]} Bc8 {[%clk 0:16:06]} 17. Qf3 {[%clk 0:40:08]} g5
{[%clk 0:15:06]} 18. b4 {[%clk 0:34:37]} Nb7 {[%clk 0:14:02]} 19. Qxc6
{[%clk 0:32:19]} Qxc6 {[%clk 0:10:53]} 20. Bxc6 {[%clk 0:32:38]} Bxb4
{[%clk 0:10:05]} 21. Nd5 {[%clk 0:32:22]} Bc5 {[%clk 0:09:17]} 22. Bb2
{[%clk 0:32:16]} Rhg8 {[%clk 0:07:12]} 23. Bf6 {[%clk 0:31:56]} Rdf8
{[%clk 0:02:28]} 24. Ne7 1-0

[Event "World Chess Olympiad 2018"]
[Site "Batumi"]
[Date "2018.09.25"]
[Round "2"]
[Board "4"]
[WhiteFideId "12804444"]
[White "Stremavicius Titas"]
[BlackFideId "14001128"]
[Black "Atabayev Yusup"]
[Result "1/2-1/2"]
[LiveChessVersion "1.4.8"]
[BlackElo "2411"]
[WhiteElo "2467"]

1. c4 {[%clk 1:30:49]} Nf6 {[%clk 1:30:35]} 2. Nc3 {[%clk 1:31:03]} c5
{[%clk 1:29:25]} 3. Nf3 {[%clk 1:31:16]} e6 {[%clk 1:28:43]} 4. e3
{[%clk 1:29:21]} Nc6 {[%clk 1:27:25]} 5. d4 {[%clk 1:29:12]} d5 {[%clk 1:25:55]}
6. a3 {[%clk 1:29:18]} dxc4 {[%clk 1:22:41]} 7. Bxc4 {[%clk 1:28:51]} a6
{[%clk 1:22:13]} 8. O-O {[%clk 1:15:03]} cxd4 {[%clk 1:21:44]} 9. exd4
{[%clk 1:14:56]} Be7 {[%clk 1:22:09]} 10. d5 {[%clk 1:11:06]} exd5
{[%clk 1:20:45]} 11. Nxd5 {[%clk 1:07:36]} Nxd5 {[%clk 1:21:02]} 12. Bxd5
{[%clk 1:07:47]} O-O {[%clk 1:20:41]} 13. Qb3 {[%clk 1:05:36]} Bg4
{[%clk 1:09:19]} 14. Be3 {[%clk 0:54:19]} Bxf3 {[%clk 0:58:32]} 15. Bxf3
{[%clk 0:54:00]} Nd4 {[%clk 0:58:59]} 16. Bxd4 {[%clk 0:53:31]} Qxd4
{[%clk 0:57:23]} 17. Rad1 {[%clk 0:52:39]} Qf6 {[%clk 0:57:34]} 18. Rd7
{[%clk 0:49:44]} Rab8 {[%clk 0:56:22]} 19. Rxb7 {[%clk 0:49:04]} Bd6
{[%clk 0:56:39]} 20. Rd1 {[%clk 0:40:39]} g6 {[%clk 0:50:37]} 21. g3
{[%clk 0:35:27]} h5 {[%clk 0:44:53]} 22. h4 {[%clk 0:34:14]} Rxb7
{[%clk 0:44:54]} 23. Qxb7 {[%clk 0:32:44]} a5 {[%clk 0:40:17]} 24. Qc6
{[%clk 0:25:59]} Be5 {[%clk 0:40:00]} 25. b4 {[%clk 0:25:30]} axb4
{[%clk 0:40:23]} 26. axb4 {[%clk 0:25:57]} Rd8 {[%clk 0:38:33]} 27. Re1
{[%clk 0:16:57]} Qxc6 {[%clk 0:37:19]} 28. Bxc6 {[%clk 0:17:25]} Bc3
{[%clk 0:37:42]} 29. Re4 {[%clk 0:17:38]} Rd2 {[%clk 0:36:37]} 30. b5
{[%clk 0:14:09]} Bd4 {[%clk 0:36:40]} 31. Rf4 {[%clk 0:14:36]} Kg7
{[%clk 0:35:57]} 32. Kf1 {[%clk 0:14:38]} Bb6 {[%clk 0:36:19]} 33. Ke1
{[%clk 0:09:43]} Rd4 {[%clk 0:34:34]} 34. Rf3 {[%clk 0:09:28]} Rb4
{[%clk 0:34:52]} 35. Kf1 {[%clk 0:07:12]} f6 {[%clk 0:34:35]} 36. Kg2
{[%clk 0:06:00]} Rb2 {[%clk 0:34:58]} 37. Rf4 {[%clk 0:06:20]} Be3
{[%clk 0:35:06]} 38. Rf3 {[%clk 0:04:30]} Bb6 {[%clk 0:35:30]} 39. Be8
{[%clk 0:04:33]} Re2 {[%clk 0:35:34]} 40. Bd7 {[%clk 0:34:55]} Rb2
{[%clk 1:05:58]} 41. Kg1 {[%clk 0:33:04]} Rb1+ {[%clk 1:06:20]} 42. Kh2
{[%clk 0:33:29]} Rb2 {[%clk 1:06:43]} 43. Kg2 {[%clk 0:33:55]} Kf7
{[%clk 1:05:25]} 44. Bc6 {[%clk 0:34:20]} Kg7 {[%clk 1:05:52]} 45. Kg1
{[%clk 0:34:45]} Rb1+ {[%clk 1:06:03]} 46. Kh2 {[%clk 0:35:10]} Rb2
{[%clk 1:06:29]} 47. Kg2 {[%clk 0:35:36]} Ba7 {[%clk 1:06:31]} 1/2-1/2

[Event "World Chess Olympiad 2018"]
[Site "Batumi"]
[Date "2018.09.25"]
[Round "2"]
[Board "3"]
[WhiteFideId "14003937"]
[White "Nurmamedov Azat"]
[BlackFideId "12803731"]
[Black "Laurusas Tomas"]
[Result "1/2-1/2"]
[LiveChessVersion "1.4.8"]
[BlackElo "2484"]
[WhiteElo "2349"]

1. Nf3 {[%clk 1:30:57]} d5 {[%clk 1:29:54]} 2. d4 {[%clk 1:31:10]} Nf6
{[%clk 1:29:42]} 3. g3 {[%clk 1:28:36]} Bf5 {[%clk 1:21:39]} 4. Bg2
{[%clk 1:28:43]} e6 {[%clk 1:22:03]} 5. O-O {[%clk 1:27:37]} Nbd7
{[%clk 1:21:21]} 6. c4 {[%clk 1:26:08]} c6 {[%clk 1:19:29]} 7. b3
{[%clk 1:18:54]} Be7 {[%clk 1:10:32]} 8. Bb2 {[%clk 1:17:59]} O-O
{[%clk 1:09:07]} 9. Nc3 {[%clk 1:16:53]} Ne4 {[%clk 1:08:38]} 10. Nxe4
{[%clk 0:56:41]} Bxe4 {[%clk 1:08:59]} 11. Nd2 {[%clk 0:56:21]} Bxg2
{[%clk 1:09:07]} 12. Kxg2 {[%clk 0:56:50]} Nf6 {[%clk 1:09:02]} 13. e3
{[%clk 0:56:39]} a5 {[%clk 0:59:47]} 14. Qc2 {[%clk 0:52:51]} a4 {[%clk 0:56:52]}
15. c5 {[%clk 0:49:17]} Nd7 {[%clk 0:46:09]} 16. Bc3 {[%clk 0:30:56]} b5
{[%clk 0:44:27]} 17. cxb6 {[%clk 0:27:11]} Nxb6 {[%clk 0:39:03]} 18. b4
{[%clk 0:27:24]} a3 {[%clk 0:38:37]} 19. Rab1 {[%clk 0:27:26]} Qc8
{[%clk 0:37:43]} 20. Qd3 {[%clk 0:25:07]} Qa6 {[%clk 0:36:32]} 21. Qxa6
{[%clk 0:24:59]} Rxa6 {[%clk 0:36:57]} 22. Rfc1 {[%clk 0:22:46]} Rb8
{[%clk 0:36:18]} 23. b5 {[%clk 0:19:18]} cxb5 {[%clk 0:36:47]} 24. Rxb5
{[%clk 0:19:47]} Rc8 {[%clk 0:37:05]} 25. Nb3 {[%clk 0:20:08]} Nc4
{[%clk 0:33:19]} 26. Bb4 {[%clk 0:16:51]} Kf8 {[%clk 0:29:12]} 27. Bxe7+
{[%clk 0:13:11]} Kxe7 {[%clk 0:29:35]} 28. Rb7+ {[%clk 0:13:34]} Ke8
{[%clk 0:29:30]} 29. Nc5 {[%clk 0:13:47]} Nd6 {[%clk 0:27:28]} 30. Rcb1
{[%clk 0:06:38]} Rxc5 {[%clk 0:22:39]} 31. dxc5 {[%clk 0:07:06]} Nxb7
{[%clk 0:23:04]} 32. Rxb7 {[%clk 0:07:30]} Ra5 {[%clk 0:22:01]} 33. c6
{[%clk 0:06:01]} Rc5 {[%clk 0:22:27]} 34. c7 {[%clk 0:03:51]} Rc2
{[%clk 0:20:39]} 35. Ra7 {[%clk 0:04:03]} Kd7 {[%clk 0:20:48]} 36. Rxa3
{[%clk 0:04:22]} Rxc7 {[%clk 0:21:12]} 1/2-1/2

[Event "World Chess Olympiad 2018"]
[Site "Batumi"]
[Date "2018.09.25"]
[Round "2"]
[Board "2"]
[WhiteFideId "12809390"]
[White "Pultinevicius Paulius"]
[BlackFideId "14000571"]
[Black "Atabayev Saparmyrat"]
[Result "1-0"]
[LiveChessVersion "1.4.8"]
[BlackElo "2443"]
[WhiteElo "2465"]

1. Nf3 {[%clk 1:30:58]} Nf6 {[%clk 1:30:37]} 2. c4 {[%clk 1:31:23]} e6
{[%clk 1:30:40]} 3. Nc3 {[%clk 1:31:48]} d5 {[%clk 1:30:48]} 4. d4
{[%clk 1:32:05]} Be7 {[%clk 1:30:42]} 5. Bg5 {[%clk 1:32:09]} O-O
{[%clk 1:31:00]} 6. e3 {[%clk 1:32:29]} Nbd7 {[%clk 1:29:44]} 7. Qc2
{[%clk 1:32:49]} Re8 {[%clk 1:26:32]} 8. Rd1 {[%clk 1:29:58]} c6 {[%clk 1:23:31]}
9. Bd3 {[%clk 1:28:28]} h6 {[%clk 1:22:08]} 10. Bh4 {[%clk 1:24:57]} dxc4
{[%clk 1:15:34]} 11. Bxc4 {[%clk 1:23:09]} Nd5 {[%clk 1:14:58]} 12. Bg3
{[%clk 1:21:54]} Nxc3 {[%clk 1:09:11]} 13. bxc3 {[%clk 1:20:05]} Qa5
{[%clk 1:08:46]} 14. O-O {[%clk 1:18:20]} b6 {[%clk 1:07:36]} 15. Bd3
{[%clk 1:03:57]} Ba6 {[%clk 1:00:35]} 16. c4 {[%clk 1:03:08]} c5 {[%clk 0:59:38]}
17. dxc5 {[%clk 0:57:54]} Nxc5 {[%clk 0:33:48]} 18. Bh7+ {[%clk 0:58:06]} Kh8
{[%clk 0:23:09]} 19. Ne5 {[%clk 0:57:51]} f5 {[%clk 0:23:14]} 20. Bg6
{[%clk 0:57:41]} Rec8 {[%clk 0:22:53]} 21. Bxf5 {[%clk 0:57:15]} exf5
{[%clk 0:18:56]} 22. Ng6+ {[%clk 0:57:34]} Kh7 {[%clk 0:19:25]} 23. Nxe7
{[%clk 0:56:54]} Rf8 {[%clk 0:18:13]} 24. Nxf5 {[%clk 0:56:46]} Qa4
{[%clk 0:18:24]} 25. Qb1 {[%clk 0:56:52]} Bxc4 {[%clk 0:17:30]} 26. Ne7+
{[%clk 0:38:36]} Kh8 {[%clk 0:17:58]} 27. Rd6 {[%clk 0:37:11]} Ne6
{[%clk 0:10:10]} 28. Qe4 {[%clk 0:34:34]} Qxa2 {[%clk 0:08:53]} 29. Be5
{[%clk 0:33:29]} Rfc8 {[%clk 0:01:19]} 30. Qg6 {[%clk 0:32:56]} 1-0